000 01112nam a2200313 i 4500
003 EG-GICUC
005 20260221101556.0
008 260114s1986 ua |||fr|||| 00| 0 ara d
040 _a EG-GICUC
_bara
_c EG-GICUC
_d EG-GICUC
_erda
041 0 _aAra
082 0 4 _221
_a343.7
_bع ب . ع
092 0 4 _221
099 _aLaw1 10 343.7 ع ب . ع 1986
100 0 _aعبدالرحيم صدقى
_eمؤلف.
245 1 0 _aعلم العقاب :
_bدراسة تأصيلية علمية/
_cتأليف دكتور عبدالرحيم صدقى.
250 _bطبعة مزيدة
264 1 _a[مكان النشر غير محدد] :
_b[الناشر غير محدد]،
_c1986.
300 _a238 صفحة؛
_c24 سم.
336 _2rda content
_atext
337 _2rda media
_aComputer
338 _2rda carrier
_aOnline Resource
546 _aالنص باللغة العربية
650 1 _aعلم العقاب
_2qrmak
650 1 _aالقانون الجنائى
_2qrmak
651 1 _2qrmak
856 4 0 _uhttps://fll.law.cu.edu.eg/fulltext/bks/B10-07704.pdf
905 _a54
_eYara
942 _2ddc
_cBK
_e21
_n0
999 _c57197
_d57197